| 000 | 01172cab a2200313 4500 | ||
|---|---|---|---|
| 001 | ABS48294 | ||
| 008 | 090401t1992 xxu||||| |||| 00| 0 eng d | ||
| 035 | _a(Sirsi) u65997 | ||
| 041 | _aeng | ||
| 100 | _aTurner, T. | ||
| 245 | _aOpen space planning in London | ||
| 260 | _c1992 | ||
| 350 | _a0 | ||
| 490 |
_aTown Planning Review _v63(4) October 1992, 365-386(12) |
||
| 520 | _aOutlines the history of open space planning in London from 1925 to the present day covering Open Space Standards, an Interconnected Park System, a Park Hierachy, Nature Conservation, Green Chains and Green Belt. Concludes with an account of two reports commissioned by the London Planning Advisory Committee (LPAC) in the 1990s. Maps. References. | ||
| 650 | _aABERCROMBIE PLANS | ||
| 650 | _aGREATER LONDON DEVELOPMENT PLAN | ||
| 650 | _aGREEN BELT | ||
| 650 | _aGREEN CHAINS | ||
| 650 | _aINTERCONNECTED PARK SYSTEM | ||
| 650 | _aMETROPOLITAN OPEN SPACES ACT 1877 | ||
| 650 | _aNATUE CONSERVATION | ||
| 650 | _aOPEN SPACE STANDARDS | ||
| 650 | _aOPEN SPACE | ||
| 650 | _aPARK HEIRACHY | ||
| 690 | _aPLANNING LAW AND PRACTICE | ||
| 942 | _n0 | ||
| 948 | _c04/03/1997 | ||
| 999 |
_c41237 _d41237 |
||